000 00938cam a2200277 4500
008 #DATE n2002 000 0 eng u
020 _a1900858827
035 _a(Sirsi) u119521
041 _aeng
050 _a690.24
110 _aBuilding Maintenance Information Ltd
_92307
245 _aOccupancy cost trends: BMI indices 1970-2000
260 _aLondon
_bBuilding Maintenance Information Ltd
_c2002
300 _a12p. ; 30cm.
490 _aSerial
_v313
520 _aThis item is part of a subscription service and cannot be photocopied, neither can any part of it be read out over the phone. Please contact BMI direct for details.
650 _aBMI
650 _aCLEANING COST INDICES
650 _aENERGY COST INDICES
650 _aFUEL COSTS
650 _aLIFT MAINTENANCE
650 _aMAINTENANCE COST INDICES
650 _aOCCUPANCY COST INDICES
690 _aBUILT ENVIRONMENT-BUILDING COSTS
942 _n0
999 _c102328
_d102328